Normal view
MARC view
Entry Personal Name
001 - CONTROL NUMBER
- control field: 68960
003 - CONTROL NUMBER IDENTIFIER
- control field: dpl
005 - DATE AND TIME OF LATEST TRANSACTION
- control field: 20240726125215.0
008 - FIXED-LENGTH DATA ELEMENTS
- fixed length control field: 240726|| aca||aabn | a|a d
040 ## - CATALOGING SOURCE
- Original cataloging agency: dpl
- Transcribing agency: dpl
100 ## - HEADING--PERSONAL NAME
- Personal name: Chatak Govind
670 ## - SOURCE DATA FOUND
- Source citation: Work cat.: (dpl)204506: Chatak Govind, The Folk Tales of Uttarakhand /, 2015
